Characterization and performance testing of Guayule latex (Record no. 55404)
[ view plain ]
| 000 -LEADER | |
|---|---|
| fixed length control field | 01173nam a2200205Ia 4500 |
| 100 ## - MAIN ENTRY--AUTHOR NAME | |
| Personal name | Schloman W W |
| 245 #0 - TITLE STATEMENT | |
| Title | Characterization and performance testing of Guayule latex |
| 260 ## - PUBLICATION, DISTRIBUTION, ETC. (IMPRINT) | |
| Name of publisher | Rubber Chemistry and Technology |
| Year of publication | 1996 |
| 300 ## - PHYSICAL DESCRIPTION | |
| Number of Pages | 215-222 |
| 520 ## - SUMMARY, ETC. | |
| Summary, etc | Physical and biological properties were determined for a preliminary production run of low-ammonia latex from guayule (GR latex). GR latex, and dipped films produced from compounded GR latex, contain none of the Hevea allergens known to elicit Type 1 systemic allergic reaction. The polymer phase of GR latex has a lower bulk viscosity and a higher resin content than that of NR. In addition, GR latex serum and rubber lack the activating components present in NR latex. As a result, GR latex cures more slowly and reaches a lower state of cure. The aged stress-strain properties of cured GR films are nontheless similar to those of NR films. |
| 650 ## - SUBJECT ADDED ENTRY--TOPICAL TERM | |
| Topical Term | Guayule latex |
| 650 ## - SUBJECT ADDED ENTRY--TOPICAL TERM | |
| Topical Term | Hevea allergens |
| 650 ## - SUBJECT ADDED ENTRY--TOPICAL TERM | |
| Topical Term | Natural rubber latex |
| 700 ## - ADDED ENTRY--PERSONAL NAME | |
| Personal name | Cornish K |
| 700 ## - ADDED ENTRY--PERSONAL NAME | |
| Personal name | McIntyre D |
| 700 ## - ADDED ENTRY--PERSONAL NAME | |
| Personal name | Siler D J |
| 700 ## - ADDED ENTRY--PERSONAL NAME | |
| Personal name | Wyzgoski F |
| 942 ## - ADDED ENTRY ELEMENTS (KOHA) | |
| Koha item type | Journals |
| Withdrawn status | Lost status | Damaged status | Not for loan | Home library | Current library | Shelving location | Date acquired | Serial Enumeration / chronology | Koha item type |
|---|---|---|---|---|---|---|---|---|---|
| Journals | RRII Library | RRII Library | Rubber general | 17/12/2021 | Volume 69, Issue 2 | Journals |